000 00680nam a2200241 i 4500
001 bg
245 0 0 _aPodstawy chemii :
_bćwiczenia laboratoryjne /
_cEwa Kubrat [et al.] ; Politechnika Białostocka.
250 _aWyd. 2 popr.
260 _aBiałystok :
_bDział Wydawnictw i Poligrafii,
_c2000.
300 _a268 s. :
_bil., err. ;
_c23 cm.
504 _aBibliogr.
650 9 _aChemia
655 _aPodręczniki akademickie
700 1 _aKUBRAT, Ewa
710 0 _aPolitechnika Białostocka
020 _a8388229109
040 _cBPK
041 0 _apl
080 _a54(075.8)
920 _a83-88229-10-9
942 _cKS
008 s pl f |000 0 pol
999 _c40022
_d40022
856 _uhttp://koha.tu.koszalin.pl/cgi-bin/koha/opac-detail.pl?biblionumber=40022
_yKatalog online BPK